000 01037cam a2200301 i 4500
999 _c3617
_d3617
001 4598411
003 OSt
005 20220127092406.0
008 760714s1976 mouaf b 001 0 eng
010 _a 76025892
020 _a0801650070
040 _aDLC
_cDLC
_dDLC
050 0 0 _aRC111
_b.T6 1976
060 _aWG100 C734
082 0 0 _a616.9
100 1 _aTop, Franklin Henry,
_d1903-
245 1 0 _aCommunicable and infectious diseases /
_cedited by Franklin H. Top, Sr., Paul F. Wehrle.
250 _a8th ed.
260 _aSaint Louis :
_bMosby,
_cc1976.
300 _axvi, 807 p., [11] leaves of plates :
_bill. ;
_c28 cm.
500 _aFirst ed. published in 1941 under title: Handbook of communicable diseases; 2d (1947)-3d (1955) ed. published under title: Communicable diseases.
504 _aIncludes bibliographies and index.
650 0 _aCommunicable diseases.
650 2 _aCommunicable diseases.
700 1 _aWehrle, Paul F.,
_d1921-
906 _a7
_bcbc
_corignew
_d1
_eocip
_f19
_gy-gencatlg
942 _2lcc
_cBK